Investice do železniční infrastruktury České republiky a možnosti financování modernizace železničních koridorů
Celkový národohospodársky pohľad na materiál "Rozvoj dopravných sietí ČR do r. 2007". Koncepcia rozvoja železničnej infraštruktúry. Celkový rozvoj dopravnej infraštruktúry ČR. Možnosti financovania modernizácie železničných koridorov: A/ Stratégia financovania domácim trhom. B/ Stratégia financovani...
Guardado en:
| Autor principal: | |
|---|---|
| Formato: | Capítulo de libro |
| Lenguaje: | checo |
| Materias: | |
| Etiquetas: |
Sin Etiquetas, Sea el primero en etiquetar este registro!
|
MARC
| LEADER | 00000naa a2200000 4500 | ||
|---|---|---|---|
| 001 | r018804 | ||
| 005 | 20221205102350.7 | ||
| 041 | 0 | |a cze | |
| 044 | |a CZ | ||
| 245 | 1 | 0 | |a Investice do železniční infrastruktury České republiky a možnosti financování modernizace železničních koridorů |c V. Hlídek |
| 520 | |a Celkový národohospodársky pohľad na materiál "Rozvoj dopravných sietí ČR do r. 2007". Koncepcia rozvoja železničnej infraštruktúry. Celkový rozvoj dopravnej infraštruktúry ČR. Možnosti financovania modernizácie železničných koridorov: A/ Stratégia financovania domácim trhom. B/ Stratégia financovania z komerčných zdrojov. C/ Stratégia financovania medzinárodnými peňažnými ústavmi. D/ Stratégia financovania využívaním zahraničnej pomoci a ďalších zdrojov. | ||
| 610 | 2 | 0 | |a infraštruktúra |
| 610 | 2 | 0 | |a doprava železničná |
| 610 | 2 | 0 | |a Česko |
| 610 | 2 | 0 | |a 2007 |
| 610 | 2 | 0 | |a siete dopravné |
| 610 | 2 | 0 | |a doprava |
| 610 | 2 | 0 | |a financovanie investícií |
| 610 | 2 | 0 | |a investície |
| 610 | 2 | 0 | |a investície modernizačné |
| 610 | 2 | 0 | |a rozpočet štátny |
| 610 | 2 | 0 | |a dotácie |
| 610 | 2 | 0 | |a zdroje finančné |
| 610 | 2 | 0 | |a investície zo zahraničia |
| 100 | 1 | |a Hlídek, V. | |